The revised penal code (Record no. 69281)

MARC details
000 -LEADER
fixed length control field 00536nam a22001817a 4500
005 - DATE AND TIME OF LATEST TRANSACTION
control field 20230427170525.0
040 ## - CATALOGING SOURCE
Transcribing agency urs
050 ## - LIBRARY OF CONGRESS CALL NUMBER
Classification number KF 5616.4 R49 2001 bk.1
100 ## - MAIN ENTRY--PERSONAL NAME
9 (RLIN) 4578
Personal name Reyes, Luis B.
Relator term author
245 ## - TITLE STATEMENT
Title The revised penal code
Remainder of title criminal law
Statement of responsibility, etc Luis B. Reyes
250 ## - EDITION STATEMENT
Edition statement Fifteenth edition
336 ## - CONTENT TYPE
Source rdacontent
Content type term text
Content type code txt
337 ## - MEDIA TYPE
Source rdamedia
Media type term unmediated
Media type code n
338 ## - CARRIER TYPE
Source rdacarrier
Carrier type term volume
Carrier type code nc
650 #0 - SUBJECT ADDED ENTRY--TOPICAL TERM
9 (RLIN) 4579
Topical term or geographic name as entry element Criminal law
Geographic subdivision Philippines
651 #0 - SUBJECT ADDED ENTRY--GEOGRAPHIC NAME
9 (RLIN) 2834
Geographic name Philippines
Form subdivision Law, statutes, etc.
942 ## - ADDED ENTRY ELEMENTS (KOHA)
Source of classification or shelving scheme Library of Congress Classification
Koha item type Filipiniana
Holdings
Withdrawn status Lost status Source of classification or shelving scheme Damaged status Not for loan Home library Current library Shelving location Date acquired Source of acquisition Total Checkouts Full call number Barcode Date last seen Price effective from Koha item type
    Library of Congress Classification     Binangonan College Library Binangonan College Library Filipiniana Section 04/27/2023 Donation   KF 5616.4 R49 2001 bk.1 URSBIN-3706 04/27/2023 04/27/2023 Filipiniana

University of Rizal System
Email us at univlibservices@urs.edu.ph

Visit our Website www.urs.edu.ph/library